000 00979nam a2200229 i 4500
001 189131
003 SpMaBN
005 20251015063159.0
008 190403s1956 sp f |||| |bspa d
080 _a929 Miguel Ángel
100 1 _aPapini, Giovanni,
_d1881-1956
_988874
245 1 0 _aVida de Miguel Ángel en la vida de su tiempo /
_cGiovanni Papini ; traducción del italiano y nota preliminar por Carlos Povo Domingo ; con 33 ilustraciones.
250 _a3ª ed.
260 _aMadrid :
_bAguilar,
_c1956.
300 _a769 p., [33] p. de lám. ;
_c20 cm.
490 1 _aColección literaria: novelistas, dramaturgos, ensayistas, poetas
600 0 4 _aMichelangelo,
_d1475-1564
_980912
700 1 _aPovo Domingo, Carlos.
_993493
830 0 _aColección literaria: novelistas, dramaturgos, ensayistas, poetas
_9183856
852 _aES-MaACL
_jL-32293
_z- Enc. cart.
_z. - Donat. herederos de la bibl. de Mª del Pilar Costa Palacín
999 _c189131
_d189131